000 00283nam a2200121 i 4500
001 bg
245 0 _aFinite element analysis :
_btheory and programming.
260 _aNew Delhi,
_c1987.
040 _cBPK
041 _apol
942 _cKS
008 s pl f |000 0 pol
999 _c23951
_d23951
856 _uhttp://koha.tu.koszalin.pl/cgi-bin/koha/opac-detail.pl?biblionumber=23951
_yKatalog online BPK